12 Europeen Countries - Statistics

General Stats
  • This quiz has been taken 21 times
  • The average score is 9 of 12
Answer Stats
Hint Answer % Correct
Emmanuel Macron France
100%
Leonardo da Vinci Italy
100%
Rafael Nadal Spain
100%
Queen Elisabeth II UK
100%
Plato Greece
95%
Peter The Great Russia
95%
Cristiano Ronaldo Portugal
90%
Magnus Carlsen Norway
85%
Nikola Tesla Serbia
60%
Makarios III Cyprus
40%
Dan Bălan Moldova
30%
Alex Antor Andorra
25%
No matching quizzes found
Score Distribution
Percent of People with Each Score
Percentile by Number Answered
Your Score History
You have not taken this quiz